How strategic is housing asset managment of institutional real estate investors? (Record no. 74950)

MARC details
000 -LEADER
fixed length control field 01080cam a2200229 4500
001 - CONTROL NUMBER
control field ABS68869
008 - FIXED-LENGTH DATA ELEMENTS--GENERAL INFORMATION
fixed length control field 050318n2005 000 0 eng u
035 ## - SYSTEM CONTROL NUMBER
System control number (Sirsi) u129109
100 ## - MAIN ENTRY--PERSONAL NAME
Personal name Nieboer
-- N.
245 ## - TITLE STATEMENT
Title How strategic is housing asset managment of institutional real estate investors?
260 ## - PUBLICATION, DISTRIBUTION, ETC.
Date of publication, distribution, etc. 2005
490 ## - SERIES STATEMENT
Series statement Property Management
Volume/sequential designation 23(1) 2005, 22-32(11)
520 ## - SUMMARY, ETC.
Summary, etc. Paper attempts to identify the increasingly business like approaches in the housing sectors that are taking place in many European countries. Interviews were conducted with several large real estate investors and results show that investment allocations are only partly rationalised and are not based on intuition. In future, individual estates can be selected for case study in order to assess the effects of the policies in practice.
590 ## - LOCAL NOTE (RLIN)
Local note ABS
650 ## - SUBJECT ADDED ENTRY--TOPICAL TERM
Topical term or geographic name entry element NETHERLANDS
650 ## - SUBJECT ADDED ENTRY--TOPICAL TERM
Topical term or geographic name entry element REAL ESTATE INVESTMENT
650 ## - SUBJECT ADDED ENTRY--TOPICAL TERM
Topical term or geographic name entry element HOUSING STOCK
650 ## - SUBJECT ADDED ENTRY--TOPICAL TERM
Topical term or geographic name entry element ASSET MANAGEMENT
650 ## - SUBJECT ADDED ENTRY--TOPICAL TERM
Topical term or geographic name entry element PORTFOLIO MANAGEMENT
690 ## - LOCAL SUBJECT ADDED ENTRY--TOPICAL TERM (OCLC, RLIN)
Topical term or geographic name as entry element PROPERTY MANAGEMENT-RESIDENTIAL PROPERTY
942 ## - ADDED ENTRY ELEMENTS (KOHA)
Suppress in OPAC 0
Holdings
Withdrawn status Lost status Source of classification or shelving scheme Damaged status Not for loan Home library Current library Shelving location Date acquired Total Checkouts Full call number Barcode Date last seen Copy number Price effective from Koha item type
    Dewey Decimal Classification     London London Journal article 18/03/2005   ABS68869 129109-1001 06/08/2019 1 06/08/2019 Journal article